000 00601nam a2200229Ia 4500
001 3058
003 GE_BSU
008 181216s||||||||xx |||||||||||||| ||und||
020 _a5865090429
040 _cGE_BSU
080 _a336.6
100 _aКрейнина М.Н.
245 _aФинансовое состояние предприятия
245 _bМетоды оценки
260 _aМосква
260 _bДИС
260 _c1997
300 _a224 с.
541 _h6 л. 60 т.
653 _aФинансовое состояние предприятия
942 _cBK
999 _c37102
_d37102